000 00991nam a2200265Ia 4500
005 20180312122213.0
008 130821s2011 xxud fr 1 eng
020 _a9780803617148
040 _aCO-BoUCM
_bspa
_cJose A. Gerena (modificó)
_d[Nuevo]
041 0 0 _aeng
060 1 4 _aQT 260
100 1 _aGoodman, Catherine
_964752
245 1 0 _aExercise prescription for medical conditions
_cCatherine Goodman y Kevin Helgeson
_bhandbook for physical therapists
260 _aFiladelfia (Pensilvania, Estados Unidos)
_bF.A. Davis Company
_c2011
300 _axiv, 155 páginas
_bcuadros, gráficas
504 _aIncluye referencias bibliográficas e índices
650 7 _aAnatomía
_926447
650 7 _aEjercicio
_913933
650 7 _aEjercicio
_xAspectos fisiológicos
_913945
650 7 _aFisiología
_915925
650 7 _aMedicina deportiva
_919146
690 _942872
_aMedicina deportiva
700 1 _aHelgeson, Kevin
_964753
942 _cLIBRO
_a15
_e1
_mG653e
_2NLM
_hQT 260
_n0
999 _c38936
_d38936